| 000 | 01078nam a22002777a 4500 | ||
|---|---|---|---|
| 999 |
_c21220 _d21220 |
||
| 003 | AR-CdUCM | ||
| 008 | 190304b ||||| |||| 00| 0 spa d | ||
| 040 |
_aMUNICIPALIDAD PROVINCIAL DEL CUSCO _cBIBLIOTECA MUNICIPAL DEL CUSCO |
||
| 082 |
_a985.61 / U42 _bU42 |
||
| 110 |
_aUniversidad Nacional del Altiplano Puno _944307 |
||
| 245 | _aPesquisa de pós graduacao UNA Puno / | ||
| 260 |
_aCusco : _bSeñor de Huanca, _c2017. |
||
| 300 |
_a332 páginas ; _bilustraciones, _c20 cm. |
||
| 500 | _aTexto en idioma Portugués | ||
| 505 | _aContenido: Área Arqueología -- Arqueología urbana RUA Intiqcahuarina da propiedade N°620 -- Gestao como Ferramenta para conservacao do patrimonio cultural -- Museología e museografía o museo Inka UNSAAC ... | ||
| 650 |
_aInka _9630 |
||
| 650 |
_aArqueologia Incaica _98553 |
||
| 650 |
_aInca _9421 |
||
| 650 |
_aAntropología _9878 |
||
| 650 |
_aEducación _9460 |
||
| 650 |
_aFilosofía _9395 |
||
| 650 |
_aHistoria _944308 |
||
| 710 |
_aEscuela de Pos Grado Programa de Idiomas _944309 |
||
| 942 |
_2ddc _cLIBROS |
||
| 945 | _aRoel | ||